| 000 | 00436nam a22001697a 4500 | ||
|---|---|---|---|
| 003 | OSt | ||
| 008 | 250205b |||||||| |||| 00| 0 eng d | ||
| 041 | _aeng | ||
| 082 |
_a624.1517 _bRAN / SU |
||
| 100 |
_aRangwala, SC _96521 |
||
| 245 | _aSurveying and Levelling | ||
| 250 | _a3rd Revised and Enlarged | ||
| 260 |
_aAnand: _bCharotar Publishing House, _c1991. |
||
| 300 | _a780p. | ||
| 700 |
_aRangwala, PS; rev. _97081 |
||
| 942 | _cBK | ||
| 999 |
_c19306 _d19306 |
||